| 000 | 00826nam a22002657i 4500 | ||
|---|---|---|---|
| 003 | EG-GICUC | ||
| 005 | 20260122135227.0 | ||
| 008 | 260122b1995 enk||||fr|||| 00| 0 eng d | ||
| 040 |
_aEG-GiCUC _beng _cEG-GiCUC _dEG-GiCUC _erda |
||
| 082 | 0 | 4 |
_221 _a341 |
| 092 | 0 | 4 | _221 |
| 099 | _aLaw 11 1995 | ||
| 100 | 1 | _aCarier, Barry E. | |
| 245 | 1 | 0 |
_aInternational law : _bSelected Documents / _cBarry E. Carter, Phillip R. Trimble. |
| 264 |
_aBoston : _bLittle, Brown and Company, _c1995. |
||
| 300 |
_axvii, 915 pages ; _c24 cm |
||
| 336 |
_2rda content _atext |
||
| 337 |
_2rda media _aComputer |
||
| 338 |
_2rda carrier _aOnline Resource |
||
| 650 | 1 | _aInternational law. | |
| 700 | 1 | _aTrimble, Phillip R. | |
| 856 | 4 | 0 | _uhttps://fll.law.cu.edu.eg/fulltext/bks/ENGB11-00097.pdf |
| 905 | _a10 | ||
| 942 |
_2ddc _cBK _e21 _n0 |
||
| 999 |
_c58658 _d58658 |
||